[Event "4NCL Online Division 3"]
[Site "online"]
[Date "2022.03.08"]
[EventDate "2022.03.08"]
[Round "4.23"]
[White "Macphail, Kieran"]
[WhiteElo "1717"]
[WhiteTeam "Kernow Knights"]
[Black "Bainbridge, Bryan J"]
[BlackElo "1543"]
[BlackTeam "Bishop Trojans"]
[Result "1-0"]
[PlyCount "73"]

1. e4 e6 2. d4 a6 3. Nf3 b5 4. Bd3 Bb7 5. O-O h6 6. Nbd2 Nf6 7. e5 Nd5 8. a4 b4 9. Ne4 a5 10. Bd2 Be7 11. c4 Nb6 12. Nc5 Bc6 13. b3 d6 14. Ne4 d5 15. cxd5 Bxd5 16. h3 c6 17. Be3 Bxe4 18. Bxe4 Nd5 19. Bd2 c5 20. dxc5 Bxc5 21. Rc1 Bb6 22. Bb1 Nd7 23. Qc2 Bc5 24. Qe4 Rc8 25. Qg4 Rg8 26. Bh7 Rf8 27. Qxg7 Nc3 28. Bxc3 bxc3 29. Rfd1 Qb6 30. Bd3 Bxf2+ 31. Kh2 Be3 32. Bb5 Rd8 33. Rxc3 Bc5 34. Rcd3 Qa7 35. Rxd7 Rxd7 36. Rxd7 Qxd7 37. Bxd7+ 1-0

[Event "4NCL Online Division 3"]
[Site "online"]
[Date "2022.03.08"]
[EventDate "2022.03.08"]
[Round "4.24"]
[White "Berry, Robert"]
[WhiteElo "1499"]
[WhiteTeam "Bishop Trojans"]
[Black "Pope, Martin"]
[BlackElo "1660"]
[BlackTeam "Kernow Knights"]
[Result "1-0"]
[PlyCount "89"]

1. e4 e6 2. d4 d5 3. e5 c5 4. c3 cxd4 5. cxd4 Nc6 6. Nf3 Bd7 7. a3 Qb6 8. Nc3 Nge7 9. Na4 Qc7 10. Bd3 Ng6 11. Bxg6 hxg6 12. O-O Be7 13. h3 b6 14. Nc3 a6 15. Be3 b5 16. b4 Qb6 17. Rb1 Rc8 18. Qd3 Na7 19. Rfc1 O-O 20. Bg5 Qd8 21. Bxe7 Qxe7 22. Ne2 a5 23. bxa5 Rc4 24. Rxc4 dxc4 25. Qc3 Bc6 26. Nd2 Qd7 27. Qb4 f6 28. exf6 Rxf6 29. f3 Rf8 30. Qc5 Rf5 31. Qb4 e5 32. Qc3 exd4 33. Nxd4 Rd5 34. Nxc6 Nxc6 35. Ne4 Rd3 36. Qb2 Rb3 37. Qa1 Nxa5 38. Rxb3 Nxb3 39. Qe5 Qd4+ 40. Qxd4 Nxd4 41. Nc3 Kf7 42. Kf2 Ke6 43. Kg3 Kf5 44. h4 g5 45. h5 1-0

[Event "4NCL Online Division 3"]
[Site "online"]
[Date "2022.03.08"]
[EventDate "2022.03.08"]
[Round "4.31"]
[White "Pigott, Darrell N"]
[WhiteElo "1815"]
[WhiteTeam "Watford 2"]
[Black "Li, Lucian"]
[BlackElo "1424"]
[BlackTeam "Uxbridge C"]
[Result "1-0"]
[PlyCount "41"]

1. e4 e6 2. d4 d5 3. Nc3 Nf6 4. Bg5 Be7 5. e5 Nfd7 6. h4 h6 7. Be3 Bxh4 8. Qg4 Be7 9. Qxg7 Rf8 10. Rxh6 Nc6 11. Nf3 Bb4 12. Bd3 Qe7 13. Bg5 Bxc3+ 14. bxc3 Qa3 15. Rxe6+ Ne7 16. Rxe7+ Kd8 17. Rxf7+ Ke8 18. Re7+ Kd8 19. Rxd7+ Ke8 20. Bg6+ Rf7 21. Qxf7# 1-0

[Event "4NCL Online Division 3"]
[Site "online"]
[Date "2022.03.08"]
[EventDate "2022.03.08"]
[Round "4.32"]
[White "Hasan, Abu"]
[WhiteElo "1413"]
[WhiteTeam "Uxbridge C"]
[Black "Russell, Chris"]
[BlackElo "1719"]
[BlackTeam "Watford 2"]
[Result "0-1"]
[PlyCount "116"]

1. e4 e6 2. Nf3 d5 3. e5 c5 4. Bb5+ Bd7 5. Bxd7+ Nxd7 6. d4 cxd4 7. O-O Ne7 8. Qxd4 Nc6 9. Qh4 Qxh4 10. Nxh4 Ndxe5 11. Na3 a6 12. f4 Bc5+ 13. Kh1 Ng6 14. Nf3 O-O 15. c4 d4 16. Nc2 Rfd8 17. a3 a5 18. g3 h6 19. b3 Rd7 20. Bb2 Rad8 21. b4 axb4 22. axb4 Nxb4 23. Nxb4 Bxb4 24. Rad1 d3 25. f5 exf5 26. h4 h5 27. Ng5 Rd6 28. Rxf5 f6 29. Ne4 Re6 30. Nc3 d2 31. Rd5 Rxd5 32. cxd5 Re1+ 33. Kh2 Bxc3 34. Rxd2 Bxd2 35. d6 Kf7 36. Bd4 Ke8 37. Kg2 Kd7 38. Bc5 b5 39. Kf3 b4 40. Bf2 Ne5+ 41. Kg2 Re2 42. Kf1 Rxf2+ 43. Kxf2 b3 44. Ke2 b2 45. Kd1 b1=Q+ 46. Kxd2 Kxd6 47. g4 hxg4 48. h5 Kd5 49. h6 gxh6 50. Ke2 Kd4 51. Kf2 Ke4 52. Kg3 Qd3+ 53. Kg2 Qf3+ 54. Kg1 Kf4 55. Kh2 Qc3 56. Kg1 Kf3 57. Kh1 Kg3 58. Kg1 Qc1# 0-1

[Event "4NCL Online Division 3"]
[Site "online"]
[Date "2022.03.08"]
[EventDate "2022.03.08"]
[Round "4.33"]
[White "Littlefair, Paul"]
[WhiteElo "1659"]
[WhiteTeam "Watford 2"]
[Black "Aggarwal, Jai"]
[BlackElo "1405"]
[BlackTeam "Uxbridge C"]
[Result "1/2-1/2"]
[PlyCount "60"]

1. e4 e5 2. Nf3 Nc6 3. Bb5 a6 4. Ba4 Nf6 5. O-O b5 6. Bb3 Bc5 7. c3 d6 8. d4 exd4 9. cxd4 Bb6 10. Re1 Bg4 11. d5 Nd4 12. Nbd2 O-O 13. h3 Bh5 14. Bc2 Rc8 15. b3 c6 16. dxc6 Rxc6 17. Bb1 Nxf3+ 18. Nxf3 Bxf3 19. gxf3 Nh5 20. Be3 Bxe3 21. Rxe3 Nf4 22. Qf1 Rc1 23. Qxc1 Qg5+ 24. Kf1 Qg2+ 25. Ke1 Qg1+ 26. Kd2 Qxf2+ 27. Kd1 Qf1+ 28. Kd2 Qf2+ 29. Kd1 Qf1+ 30. Kd2 Qf2+ 1/2-1/2

[Event "4NCL Online Division 3"]
[Site "online"]
[Date "2022.03.08"]
[EventDate "2022.03.08"]
[Round "4.34"]
[White "Cepoi, Gesneria-Codruta"]
[WhiteElo "1404"]
[WhiteTeam "Uxbridge C"]
[Black "Nagesh, Poornima"]
[BlackElo "1514"]
[BlackTeam "Watford 2"]
[Result "1-0"]
[PlyCount "61"]

1. e4 e5 2. Nf3 Nc6 3. Bb5 d6 4. Nc3 Nf6 5. d3 Bg4 6. Bg5 h6 7. Bh4 a6 8. Ba4 Be7 9. O-O b5 10. Bb3 Nd4 11. Bd5 Nxf3+ 12. gxf3 Nxd5 13. Nxd5 Bh5 14. Bxe7 Qd7 15. Bh4 O-O 16. Kh1 Qh3 17. Bg3 c6 18. Ne7+ Kh8 19. Rg1 Rfe8 20. Nf5 Bg6 21. Nh4 h5 22. Nxg6+ fxg6 23. f4 exf4 24. Bxf4 h4 25. Rxg6 Rf8 26. Bxd6 Rxf2 27. Qh5+ Kg8 28. Rxg7+ Kxg7 29. Rg1+ Kf6 30. Qe5+ Kf7 31. Rg7# 1-0

[Event "4NCL Online Division 3"]
[Site "online"]
[Date "2022.03.08"]
[EventDate "2022.03.08"]
[Round "4.41"]
[White "Philpin, Les"]
[WhiteElo "1674"]
[WhiteTeam "Morriston Benko"]
[Black "Bucher, Goetz"]
[BlackElo "1969"]
[BlackTeam "Bearsden Grizzlies"]
[Result "1/2-1/2"]
[PlyCount "76"]

1. d4 Nf6 2. Nf3 d5 3. Bf4 c5 4. c3 Nc6 5. e3 e6 6. Nbd2 c4 7. Be2 Bd6 8. Ne5 Bxe5 9. dxe5 Nd7 10. Nf3 h6 11. Qc2 Qc7 12. Qa4 O-O 13. O-O-O Ndxe5 14. Nxe5 Nxe5 15. Kb1 Bd7 16. Qc2 f6 17. e4 Qc8 18. Ka1 Qe8 19. exd5 Ba4 20. b3 cxb3 21. axb3 Bd7 22. dxe6 Bxe6 23. Bxe5 fxe5 24. f3 Qf7 25. Kb2 Rfc8 26. Rd6 Rc6 27. Rxc6 bxc6 28. Rd1 Rb8 29. c4 a5 30. Qe4 a4 31. Qxc6 axb3 32. Rc1 Qe7 33. c5 Bf7 34. Qd6 Qa7 35. Qa6 Qc7 36. Qd6 Qa7 37. Qa6 Qc7 38. Qd6 Qa7 1/2-1/2

[Event "4NCL Online Division 3"]
[Site "online"]
[Date "2022.03.08"]
[EventDate "2022.03.08"]
[Round "4.42"]
[White "Colston, Rob"]
[WhiteElo "1872"]
[WhiteTeam "Bearsden Grizzlies"]
[Black "Salisbury, Philip"]
[BlackElo "1485"]
[BlackTeam "Morriston Benko"]
[Result "1-0"]
[PlyCount "53"]

1. e4 e5 2. Nc3 Bb4 3. f4 exf4 4. Nf3 Bxc3 5. dxc3 d6 6. Bxf4 Bg4 7. Bc4 Nc6 8. O-O Qe7 9. Qd3 h6 10. Nd4 Ne5 11. Bxe5 Qxe5 12. Bxf7+ Kd7 13. Bxg8 Rhxg8 14. Rf7+ Ke8 15. Raf1 h5 16. Qb5+ Qxb5 17. Nxb5 Rb8 18. Nxc7+ Kd8 19. R1f2 Bd7 20. Nd5 Rc8 21. Ne7 Re8 22. Nxc8 Kxc8 23. Rf8 Rxf8 24. Rxf8+ Kc7 25. Rf7 Kc6 26. Rxg7 Be6 27. b3 1-0

[Event "4NCL Online Division 3"]
[Site "online"]
[Date "2022.03.08"]
[EventDate "2022.03.08"]
[Round "4.43"]
[White "Beeston, Darson"]
[WhiteElo "1100"]
[WhiteTeam "Morriston Benko"]
[Black "Watt, David A"]
[BlackElo "1921"]
[BlackTeam "Bearsden Grizzlies"]
[Result "0-1"]
[PlyCount "58"]

1. d4 Nf6 2. c4 g6 3. Nc3 d5 4. Bg5 Ne4 5. Nxe4 dxe4 6. e3 c5 7. Ne2 Bg7 8. h3 O-O 9. Qd2 h6 10. Bh4 Nc6 11. O-O-O Bf6 12. Bxf6 exf6 13. d5 Ne5 14. Nc3 f5 15. Be2 a6 16. g4 Bd7 17. b3 Qa5 18. Kb2 b5 19. gxf5 Bxf5 20. cxb5 axb5 21. Bxb5 Qa3+ 22. Ka1 Rfb8 23. Ba4 Nd3 24. Nb1 Qb4 25. a3 Qb6 26. Qc2 Qf6+ 27. Ka2 Rxa4 28. bxa4 Rb2+ 29. Qxb2 Qxb2# 0-1

[Event "4NCL Online Division 3"]
[Site "online"]
[Date "2022.03.08"]
[EventDate "2022.03.08"]
[Round "4.44"]
[White "Callison, S"]
[WhiteElo "1689"]
[WhiteTeam "Bearsden Grizzlies"]
[Black "Giannini, John"]
[BlackElo "850"]
[BlackTeam "Morriston Benko"]
[Result "1-0"]
[PlyCount "81"]

1. d4 Nf6 2. Bg5 h6 3. Bxf6 gxf6 4. e3 d5 5. c4 e6 6. Nc3 Bb4 7. Qb3 Bxc3+ 8. Qxc3 Qd6 9. cxd5 exd5 10. Rc1 Nc6 11. Bb5 Bd7 12. Ne2 Rg8 13. Nf4 a6 14. Ba4 Kd8 15. Qc5 Rg5 16. Qxd6 cxd6 17. g3 h5 18. h4 Rf5 19. Bc2 Rxf4 20. gxf4 f5 21. Rg1 Kc7 22. Kd2 Re8 23. Rg5 Rh8 24. Bxf5 Be6 25. Rcg1 Kb6 26. Bxe6 fxe6 27. Rg6 Re8 28. Rh6 Ka7 29. Rxh5 Rf8 30. Rhg5 Rh8 31. Rh1 Rh6 32. h5 a5 33. Rg6 Rh7 34. h6 Nd8 35. Rg7 Rh8 36. h7 Re8 37. Rg8 Rxg8 38. hxg8=Q a4 39. Qxd8 a3 40. Qa5+ Kb8 41. Rh8# 1-0

[Event "4NCL Online Division 3"]
[Site "online"]
[Date "2022.03.08"]
[EventDate "2022.03.08"]
[Round "4.51"]
[White "Khan, Mohammed"]
[WhiteElo "1800"]
[WhiteTeam "Ashton"]
[Black "Yuan, Ryan"]
[BlackElo "1138"]
[BlackTeam "Kent KJCA Kestrels E"]
[Result "1-0"]
[PlyCount "61"]

1. e4 e5 2. Nf3 Nc6 3. Bc4 Bc5 4. d3 h6 5. O-O Nf6 6. a3 d6 7. h3 O-O 8. Re1 Na5 9. Ba2 Nc6 10. Nbd2 Qe7 11. c3 Be6 12. Nf1 Bxa2 13. Rxa2 Qe6 14. Ra1 Rfe8 15. Ng3 Rad8 16. d4 exd4 17. cxd4 Nxd4 18. Nxd4 Bxd4 19. Qxd4 c5 20. Qd1 d5 21. e5 Nd7 22. Bf4 d4 23. Rc1 b6 24. Qh5 Nf8 25. Nf5 Ng6 26. Bxh6 gxh6 27. Nxh6+ Kf8 28. Nf5 Kg8 29. Qg5 Kf8 30. Qh6+ Kg8 31. Qg7# 1-0

[Event "4NCL Online Division 3"]
[Site "online"]
[Date "2022.03.08"]
[EventDate "2022.03.08"]
[Round "4.52"]
[White "Srivastava, Anya"]
[WhiteElo "1225"]
[WhiteTeam "Kent KJCA Kestrels E"]
[Black "McBeath, Joel"]
[BlackElo "1718"]
[BlackTeam "Ashton"]
[Result "0-1"]
[PlyCount "68"]

1. e4 e5 2. Nf3 Nc6 3. Bc4 Nf6 4. d3 Bc5 5. Ng5 O-O 6. Qf3 h6 7. Nh3 Nd4 8. Qd1 d6 9. c3 Bg4 10. f3 Nxf3+ 11. gxf3 Bxh3 12. b4 Bb6 13. a4 Bg2 14. a5 Nh5 15. Ke2 Qf6 16. Kd2 Bxf3 17. Qf1 Bxh1 18. Qxh1 Qf2+ 19. Kd1 Be3 20. Bxe3 Qxe3 21. Nd2 Nf4 22. Kc2 Kh8 23. Re1 Qh3 24. Qg1 Qg2 25. Qe3 Qxh2 26. Qf3 Qg2 27. Qe3 f5 28. Rg1 Qh2 29. Kb3 fxe4 30. Nxe4 d5 31. Bxd5 Nxd5 32. Qc5 b6 33. axb6 axb6 34. Qxd5 Qa2# 0-1

[Event "4NCL Online Division 3"]
[Site "online"]
[Date "2022.03.08"]
[EventDate "2022.03.08"]
[Round "4.53"]
[White "Acharya, Kandara"]
[WhiteElo "1604"]
[WhiteTeam "Ashton"]
[Black "Trifunovic, Maja A"]
[BlackElo "1128"]
[BlackTeam "Kent KJCA Kestrels E"]
[Result "0-1"]
[PlyCount "48"]

1. e4 e5 2. Nf3 Nc6 3. d4 exd4 4. Nxd4 Nf6 5. Nc3 Bb4 6. Nxc6 bxc6 7. Bd3 O-O 8. O-O h6 9. e5 Bxc3 10. bxc3 Nd5 11. c4 Ne7 12. Qh5 d5 13. f4 dxc4 14. Ba3 cxd3 15. cxd3 Re8 16. f5 Nxf5 17. g4 Ne3 18. Qxf7+ Kh7 19. Rf3 Nc2 20. Bf8 Qd7 21. Bxg7 Qxf7 22. Rxf7 Nxa1 23. Bf6+ Kg8 24. Rg7+ Kf8 0-1

[Event "4NCL Online Division 3"]
[Site "online"]
[Date "2022.03.08"]
[EventDate "2022.03.08"]
[Round "4.54"]
[White "Watson, Scarlet"]
[WhiteElo "1102"]
[WhiteTeam "Kent KJCA Kestrels E"]
[Black "Williamson, Ben"]
[BlackElo "1300"]
[BlackTeam "Ashton"]
[Result "0-1"]
[PlyCount "70"]

1. e4 c5 2. Nc3 d6 3. Bc4 Nc6 4. Nf3 Nf6 5. O-O g6 6. Ng5 e6 7. Qf3 Bg7 8. h4 O-O 9. g3 a6 10. d3 b5 11. Bb3 Nd4 12. Qg2 Bb7 13. f3 Qb6 14. Bf4 c4 15. dxc4 Nxb3+ 16. Kh1 Nxa1 17. Rxa1 bxc4 18. Qh2 Rfd8 19. e5 dxe5 20. Bxe5 Nd5 21. Bxg7 Kxg7 22. h5 Nf6 23. h6+ Kg8 24. g4 Nxg4 25. Qf4 Nxh6 26. Qh4 Kg7 27. Qxc4 Rac8 28. Qf4 Qxb2 29. Qe5+ Kg8 30. Rg1 Qxc3 31. Qh2 Bxf3+ 32. Rg2 Qe1+ 33. Qg1 Bxg2+ 34. Kxg2 Qxg1+ 35. Kxg1 Rxc2 0-1

[Event "4NCL Online Division 3"]
[Site "online"]
[Date "2022.03.08"]
[EventDate "2022.03.08"]
[Round "4.61"]
[White "Whalley, Mark E"]
[WhiteElo "1724"]
[WhiteTeam "Stretford and Urmston"]
[Black "Stotz, Martin"]
[BlackElo "1729"]
[BlackTeam "Harrow 3"]
[Result "0-1"]
[PlyCount "40"]

1. e4 c6 2. d4 d5 3. Nc3 dxe4 4. Nxe4 Nf6 5. Nxf6+ exf6 6. Nf3 Bd6 7. Bd3 O-O 8. O-O Re8 9. h3 Nd7 10. c3 Nf8 11. Be3 Bc7 12. Qd2 Qd6 13. Rfe1 Bd7 14. c4 Ng6 15. Bxg6 hxg6 16. Rad1 g5 17. c5 Qd5 18. Qb4 b6 19. a4 Bxh3 20. Nd2 Qxg2# 0-1

[Event "4NCL Online Division 3"]
[Site "online"]
[Date "2022.03.08"]
[EventDate "2022.03.08"]
[Round "4.71"]
[White "Jones, Bryan"]
[WhiteElo "1552"]
[WhiteTeam "Cornish Pirates"]
[Black "Dargan, Paul A G"]
[BlackTitle "CM"]
[BlackElo "2177"]
[BlackTeam "Morpeth"]
[Result "0-1"]
[PlyCount "58"]

1. d4 Nf6 2. Nf3 e6 3. c4 Bb4+ 4. Nc3 O-O 5. g3 d5 6. cxd5 exd5 7. Bg2 c6 8. O-O h6 9. Bd2 Bf5 10. a3 Bd6 11. b4 a6 12. Na4 Nbd7 13. Rc1 Nb6 14. Nxb6 Qxb6 15. Bc3 Rfe8 16. Ne1 Ne4 17. f3 Nxc3 18. Rxc3 a5 19. bxa5 Rxa5 20. Rb3 Qa7 21. e4 Be6 22. e5 Bxe5 23. Nc2 Bf6 24. Kh1 Bf5 25. Qb1 Bxc2 26. Qxc2 Rxa3 27. Rxa3 Qxa3 28. Rd1 Bxd4 29. f4 Qc3 0-1

[Event "4NCL Online Division 3"]
[Site "online"]
[Date "2022.03.08"]
[EventDate "2022.03.08"]
[Round "4.72"]
[White "Smyth, C Mike"]
[WhiteElo "2027"]
[WhiteTeam "Morpeth"]
[Black "Nancarrow, Richard"]
[BlackElo "1454"]
[BlackTeam "Cornish Pirates"]
[Result "1-0"]
[PlyCount "75"]

1. Nf3 Nc6 2. d4 e6 3. g3 d5 4. Bg2 Nf6 5. O-O Be7 6. b3 O-O 7. Ba3 Bxa3 8. Nxa3 a6 9. c4 Ne7 10. Nc2 c6 11. Ne5 Ng6 12. Nd3 Re8 13. f4 b6 14. e3 Bb7 15. a4 a5 16. Nf2 Bc8 17. Qd3 Rb8 18. e4 dxe4 19. Nxe4 Bb7 20. f5 exf5 21. Nxf6+ Qxf6 22. Rxf5 Qd6 23. Raf1 Re7 24. c5 bxc5 25. Rxc5 Qc7 26. Qc3 Qb6 27. Rxa5 c5 28. dxc5 Qd8 29. c6 Bxc6 30. Bxc6 Rc8 31. Rc5 Rec7 32. Nd4 Ne7 33. b4 Nxc6 34. Nxc6 Qd6 35. Qc4 Rxc6 36. Rxc6 Qxc6 37. Qxf7+ Kh8 38. Qf8+ 1-0

[Event "4NCL Online Division 3"]
[Site "online"]
[Date "2022.03.08"]
[EventDate "2022.03.08"]
[Round "4.73"]
[White "Spargo, Philip J"]
[WhiteElo "1454"]
[WhiteTeam "Cornish Pirates"]
[Black "Symonds, Richard H"]
[BlackElo "1990"]
[BlackTeam "Morpeth"]
[Result "0-1"]
[PlyCount "132"]

1. e4 d6 2. d3 g6 3. Bd2 Bg7 4. Bc3 Nf6 5. Nf3 c5 6. Be2 Nc6 7. O-O O-O 8. Nbd2 Rb8 9. Rb1 b5 10. b3 Qc7 11. Bb2 Bd7 12. c4 a6 13. h3 Rfe8 14. Nh2 e6 15. Ng4 Nd4 16. Nxf6+ Bxf6 17. Nf3 Bc6 18. Nxd4 cxd4 19. Bf3 Be5 20. Bc1 Qe7 21. Qd2 Kh8 22. Qg5 Bf6 23. Qg3 Rg8 24. Be2 Rbd8 25. f4 Qc7 26. Bd2 h5 27. Qf3 Rg7 28. Be1 h4 29. Qf2 Rdg8 30. Bg4 Bd7 31. Qe2 Bd8 32. Bd2 f5 33. Bf3 Bf6 34. Rf2 Qb8 35. Qd1 g5 36. fxg5 Bxg5 37. Bxg5 Rxg5 38. Rbb2 e5 39. Kh1 Qe8 40. Kh2 Qg6 41. Qe2 Rg3 42. Qd2 f4 43. Qe1 Rxh3+ 44. gxh3 Qg3+ 45. Kh1 Qxh3+ 46. Rh2 Qxf3+ 47. Rbg2 Rxg2 48. Qxh4+ Kg7 49. Rxg2+ Kf7 50. Qh7+ Ke8 51. Qg8+ Ke7 52. Qg7+ Kd8 53. Qg8+ Kc7 54. Qg7 Kc6 55. Qg8 Bh3 56. Qd5+ Kc7 57. Qf7+ Bd7 58. Qg8 Qh3+ 59. Kg1 Qe3+ 60. Rf2 Qxd3 61. Qa8 Qd1+ 62. Rf1 Qg4+ 63. Kh1 f3 64. Qa7+ Kd8 65. Qb8+ Ke7 66. Qh8 Qg2# 0-1

[Event "4NCL Online Division 3"]
[Site "online"]
[Date "2022.03.08"]
[EventDate "2022.03.08"]
[Round "4.74"]
[White "Eastlake, Phil"]
[WhiteElo "1898"]
[WhiteTeam "Morpeth"]
[Black "Renshaw, Ian"]
[BlackElo "1442"]
[BlackTeam "Cornish Pirates"]
[Result "1-0"]
[PlyCount "89"]

1. e4 d6 2. d4 g6 3. Nc3 Bg7 4. Be3 c6 5. Qd2 Nf6 6. O-O-O O-O 7. Bh6 e5 8. Bxg7 Kxg7 9. dxe5 Ng4 10. exd6 b5 11. h3 Ne5 12. f4 Nc4 13. Bxc4 bxc4 14. Qd4+ Qf6 15. Qxf6+ Kxf6 16. Nf3 Nd7 17. e5+ Kg7 18. Rhe1 Nc5 19. Nd4 Bd7 20. g4 Rac8 21. f5 gxf5 22. gxf5 Kh8 23. e6 Be8 24. Re5 fxe6 25. Rxc5 exf5 26. Rxf5 Rxf5 27. Nxf5 Bd7 28. Ne7 Rf8 29. h4 Kg7 30. Ne4 h6 31. Rg1+ Kh7 32. Nc5 Rd8 33. Nxd7 Rxd7 34. Rg6 c5 35. Kd2 a5 36. Kc3 h5 37. Kxc4 a4 38. Kxc5 a3 39. Kc6 axb2 40. Rg1 Ra7 41. d7 Ra6+ 42. Kc7 Ra7+ 43. Kd6 Ra6+ 44. Nc6 Rxa2 45. d8=Q 1-0

[Event "4NCL Online Division 3"]
[Site "online"]
[Date "2022.03.08"]
[EventDate "2022.03.08"]
[Round "4.81"]
[White "Rudd, David R"]
[WhiteElo "1695"]
[WhiteTeam "Hertford 2"]
[Black "Webb, Nick"]
[BlackElo "1730"]
[BlackTeam "Hackney Hungry"]
[Result "0-1"]
[PlyCount "54"]

1. b4 f5 2. Bb2 Nf6 3. b5 g6 4. e3 Bg7 5. Nf3 O-O 6. c4 d6 7. Be2 c6 8. O-O Nbd7 9. d4 Qc7 10. Nbd2 e5 11. dxe5 dxe5 12. Qb3 c5 13. Rad1 b6 14. Qc2 Bb7 15. Nb3 Rad8 16. a4 Rfe8 17. Nfd2 Nf8 18. Bf3 e4 19. Be2 Ne6 20. Nb1 f4 21. Rxd8 Rxd8 22. Rd1 f3 23. Rxd8+ Qxd8 24. Bf1 fxg2 25. Bxg2 Ng5 26. N1d2 Qc7 27. Bxf6 Bxf6 0-1

[Event "4NCL Online Division 3"]
[Site "online"]
[Date "2022.03.08"]
[EventDate "2022.03.08"]
[Round "4.82"]
[White "Landman, Aharon"]
[WhiteElo "1758"]
[WhiteTeam "Hackney Hungry"]
[Black "Wooster, Nick"]
[BlackElo "1637"]
[BlackTeam "Hertford 2"]
[Result "1-0"]
[PlyCount "147"]

1. e4 c5 2. Nf3 d6 3. d4 cxd4 4. Nxd4 Nf6 5. Nc3 a6 6. f3 e6 7. Be3 Be7 8. Qd2 O-O 9. O-O-O Qc7 10. g4 b5 11. h4 b4 12. Nce2 d5 13. e5 Nfd7 14. f4 Nc5 15. h5 Ne4 16. Qd3 Bd7 17. g5 a5 18. Bg2 Nc5 19. Qd2 a4 20. Kb1 Nc6 21. g6 h6 22. Nxc6 Qxc6 23. gxf7+ Rxf7 24. f5 b3 25. fxe6 bxa2+ 26. Kxa2 Bxe6 27. Nd4 Qc7 28. Nxe6 Nxe6 29. Bxd5 Ra6 30. Qd3 Rc6 31. Bxc6 Qxc6 32. Rhg1 Kh8 33. Rg6 Qc8 34. Bxh6 Nf8 35. Bxg7+ Rxg7 36. Rxg7 Qe6+ 37. Kb1 Kxg7 38. Rg1+ Kh8 39. Qg3 Qf7 40. h6 Ne6 41. Qg4 a3 42. b3 Bg5 43. c4 Qf2 44. Qg2 Qd4 45. Ka2 Qxe5 46. Qa8+ Kh7 47. Qb7+ Kh8 48. Kxa3 Qc5+ 49. b4 Qxg1 50. Qc8+ Kh7 51. Qxe6 Qa1+ 52. Kb3 Qb1+ 53. Ka4 Qa1+ 54. Kb5 Bxh6 55. Qf7+ Bg7 56. c5 Qc3 57. c6 Qd3+ 58. Qc4 Qf5+ 59. Ka6 Qc8+ 60. Kb5 Qb8+ 61. Ka4 Qa7+ 62. Kb3 Qe3+ 63. Ka4 Qa7+ 64. Kb5 Qb8+ 65. Kc5 Qa7+ 66. Kd6 Bf8+ 67. Ke5 Qe7+ 68. Kf5 Qc7 69. b5 Qg7 70. Qh4+ Kg8 71. Qg5 Qxg5+ 72. Kxg5 Bd6 73. b6 Kf8 74. c7 1-0

[Event "4NCL Online Division 3"]
[Site "online"]
[Date "2022.03.08"]
[EventDate "2022.03.08"]
[Round "4.83"]
[White "Hutton, Allan"]
[WhiteElo "1548"]
[WhiteTeam "Hertford 2"]
[Black "Burgoyne, Peter A"]
[BlackElo "1665"]
[BlackTeam "Hackney Hungry"]
[Result "0-1"]
[PlyCount "82"]

1. Nf3 c5 2. g3 Nc6 3. Bg2 g6 4. O-O Bg7 5. d3 Nf6 6. e4 d6 7. Nbd2 O-O 8. a3 e5 9. c4 h6 10. Rb1 a5 11. b3 Bg4 12. h3 Be6 13. Re1 Qd7 14. Kh2 Nh5 15. Nf1 Nd4 16. Ne3 Nf6 17. Nd5 Bxd5 18. exd5 Nh7 19. Nxd4 cxd4 20. h4 f5 21. f4 Rae8 22. Bd2 b6 23. Qc1 Nf6 24. Bh3 e4 25. dxe4 Nxe4 26. Bg2 Re7 27. b4 Rfe8 28. Bxe4 fxe4 29. bxa5 e3 30. Bb4 d3 31. Qd1 d2 32. Re2 bxa5 33. Bxa5 Bd4 34. Bb4 Bc5 35. Qf1 Qf5 36. Rb3 Qc2 37. Qb1 Qxb1 38. Rxb1 Re4 39. Kg2 Rxc4 40. Bxc5 dxc5 41. Kf3 Rc1 0-1

[Event "4NCL Online Division 3"]
[Site "online"]
[Date "2022.03.08"]
[EventDate "2022.03.08"]
[Round "4.84"]
[White "Ellis, Bryan Timothy"]
[WhiteElo "1126"]
[WhiteTeam "Hackney Hungry"]
[Black "Baugh, Matthew"]
[BlackElo "1643"]
[BlackTeam "Hertford 2"]
[Result "1-0"]
[PlyCount "87"]

1. d4 Nf6 2. c4 g6 3. Nf3 Bg7 4. Nc3 d6 5. Bf4 O-O 6. e3 Nbd7 7. h3 c5 8. Be2 cxd4 9. Nxd4 e5 10. Bh2 exd4 11. Qxd4 Qb6 12. Qd2 Ne5 13. O-O Rd8 14. Rac1 Be6 15. b3 Nc6 16. Nb5 a6 17. Nc3 d5 18. Na4 Qa5 19. Qxa5 Nxa5 20. Nb6 Ra7 21. Bc7 Re8 22. Nxd5 Nxd5 23. cxd5 Bxd5 24. Bxa5 Raa8 25. Bb6 Rac8 26. Rc7 Rxc7 27. Bxc7 Rc8 28. Ba5 Rc2 29. Rd1 Bxb3 30. Rd8+ Bf8 31. axb3 Kg7 32. Bc4 Rc1+ 33. Bf1 Be7 34. Rd7 Bf6 35. Rxb7 Rb1 36. b4 Bc3 37. Rb6 Kh6 38. Rxa6 Bxb4 39. Bxb4 Rxb4 40. Kh2 Rb2 41. Kg3 Kg7 42. Ra7 Rb4 43. Rc7 h5 44. Bc4 1-0

[Event "4NCL Online Division 3"]
[Site "online"]
[Date "2022.03.08"]
[EventDate "2022.03.08"]
[Round "4.91"]
[White "Price, Michael C"]
[WhiteElo "1760"]
[WhiteTeam "Uxbridge B"]
[Black "Cook, Philip"]
[BlackElo "2106"]
[BlackTeam "Hebden Bridge 1"]
[Result "0-1"]
[PlyCount "68"]

1. e4 e5 2. Nf3 Nc6 3. Bb5 a6 4. Ba4 Nf6 5. O-O Nxe4 6. Re1 Nc5 7. Nxe5 Nxe5 8. Rxe5+ Be7 9. c3 Nxa4 10. Qxa4 O-O 11. d4 Bd6 12. Re1 b5 13. Qc2 Bb7 14. Nd2 Qh4 15. Nf1 Rfe8 16. Be3 Re6 17. a4 Rae8 18. Qd2 Qe4 19. f3 Qg6 20. Qf2 h5 21. axb5 axb5 22. Ra5 Bc6 23. d5 Bxd5 24. Rxb5 Bc4 25. Ra5 Bxf1 26. Kxf1 Qd3+ 27. Kg1 Rxe3 28. Rea1 Re2 29. Qh4 Qe3+ 30. Kf1 g6 31. R5a4 Bc5 32. Re4 Rxe4 33. fxe4 Rf2+ 34. Kg1 Rf4+ 0-1

[Event "4NCL Online Division 3"]
[Site "online"]
[Date "2022.03.08"]
[EventDate "2022.03.08"]
[Round "4.92"]
[White "Clarkson, Andrew"]
[WhiteElo "2063"]
[WhiteTeam "Hebden Bridge 1"]
[Black "Foale, Ron"]
[BlackElo "1665"]
[BlackTeam "Uxbridge B"]
[Result "1-0"]
[PlyCount "47"]

1. e4 c5 2. Nf3 d6 3. d4 cxd4 4. Nxd4 Nf6 5. Nc3 a6 6. h3 g6 7. g4 Bg7 8. Be3 Nc6 9. Qd2 Qc7 10. O-O-O O-O 11. f4 b5 12. g5 b4 13. gxf6 bxc3 14. Qxc3 Bxf6 15. Qxc6 Bxd4 16. Qxc7 Bxe3+ 17. Kb1 Bxf4 18. Bc4 Be6 19. Bxe6 fxe6 20. Rhf1 Rf7 21. Qb7 Raf8 22. Qxa6 h5 23. Qc4 e5 24. a4 1-0

[Event "4NCL Online Division 3"]
[Site "online"]
[Date "2022.03.08"]
[EventDate "2022.03.08"]
[Round "4.93"]
[White "Gauri, Dhairye"]
[WhiteElo "1609"]
[WhiteTeam "Uxbridge B"]
[Black "Wedge, David C"]
[BlackElo "1898"]
[BlackTeam "Hebden Bridge 1"]
[Result "0-1"]
[PlyCount "72"]

1. e4 d6 2. Bc4 Nf6 3. Nc3 g6 4. d3 Bg7 5. Bg5 O-O 6. Nf3 Nc6 7. h3 Na5 8. Bb3 Nxb3 9. axb3 c5 10. d4 cxd4 11. Nxd4 a6 12. O-O Bd7 13. Re1 h6 14. Bh4 b5 15. b4 e5 16. Nf3 g5 17. Bg3 Qb6 18. Nd5 Nxd5 19. Qxd5 Be6 20. Qd3 Bc4 21. Qd2 Rfd8 22. b3 Be6 23. Rad1 Rac8 24. Qe2 Qc6 25. Qe3 Qxc2 26. Rc1 Qxb3 27. Rxc8 Rxc8 28. Qb6 Qxb4 29. Qxa6 Qc5 30. Qa1 b4 31. Nd2 Qc3 32. Qd1 b3 33. Nb1 Qb4 34. Re2 b2 35. Qd3 Rc1+ 36. Kh2 Bc4 0-1

[Event "4NCL Online Division 3"]
[Site "online"]
[Date "2022.03.08"]
[EventDate "2022.03.08"]
[Round "4.101"]
[White "Robins, Andrew"]
[WhiteElo "1736"]
[WhiteTeam "Ashfield Anonymous D"]
[Black "Salter, Ivor"]
[BlackElo "1558"]
[BlackTeam "Shropshire and Friends 5"]
[Result "0-1"]
[PlyCount "120"]

1. e4 d5 2. exd5 Nf6 3. d4 Nxd5 4. Nf3 c6 5. c4 Nf6 6. Nc3 g6 7. h3 Bg7 8. Bd3 O-O 9. O-O Re8 10. Re1 Nbd7 11. Bf4 Nf8 12. Qd2 Ne6 13. Be5 Nf8 14. Rad1 N8d7 15. Bf4 Nh5 16. Bh6 Qc7 17. Bxg7 Kxg7 18. Ne5 Nf8 19. Bc2 Be6 20. b3 Rad8 21. Qe3 a6 22. Ne4 Nf6 23. Ng3 Bc8 24. f4 Ng8 25. f5 f6 26. Nf3 Qxg3 27. fxg6 hxg6 28. Nh2 Qxe3+ 29. Rxe3 Nh6 30. Nf3 Nf5 31. Red3 Nd6 32. R3d2 Bf5 33. Bxf5 Nxf5 34. Kf2 e6 35. d5 exd5 36. cxd5 cxd5 37. Rxd5 Rxd5 38. Rxd5 Re7 39. Rd2 Nd7 40. g4 Nh6 41. Rc2 Ne5 42. Nxe5 fxe5 43. Ke3 Nf7 44. h4 Kf6 45. Rf2+ Ke6 46. g5 Nd6 47. Rf6+ Kd5 48. Rxg6 Nf5+ 49. Ke2 Nxh4 50. Rh6 Nf5 51. Rh2 Rg7 52. Rg2 e4 53. Rg1 Ke5 54. Rg4 Rg6 55. Kf2 Nd6 56. Ke3 Kf5 57. Rg1 Rxg5 58. Rd1 Ke5 59. Rc1 Nf5+ 60. Ke2 Rg2+ 0-1